Dogs / (Record no. 264126)
[ view plain ]
| 000 -LEADER | |
|---|---|
| fixed length control field | 00589nam a22001937a 4500 |
| 003 - CONTROL NUMBER IDENTIFIER | |
| control field | OSt |
| 005 - DATE AND TIME OF LATEST TRANSACTION | |
| control field | 20240725162103.0 |
| 008 - FIXED-LENGTH DATA ELEMENTS--GENERAL INFORMATION | |
| fixed length control field | 240725b xxu||||| |||| 00| 0 eng d |
| 010 ## - LIBRARY OF CONGRESS CONTROL NUMBER | |
| LC control number | 82083379 |
| 020 ## - INTERNATIONAL STANDARD BOOK NUMBER | |
| International Standard Book Number | 0307602028 (lib. bdg.) |
| International Standard Book Number | 0307030938 (hard) |
| 040 ## - CATALOGING SOURCE | |
| Transcribing agency | DLC |
| 050 ## - LIBRARY OF CONGRESS CALL NUMBER | |
| Classification number | SF426.5 |
| Item number | .L48 1983 |
| 100 ## - MAIN ENTRY--PERSONAL NAME | |
| Personal name | Lewis, Jean. |
| 245 ## - TITLE STATEMENT | |
| Title | Dogs / |
| Statement of responsibility, etc | by Jean Lewis ; illustrated by Turi MacCombie. |
| 260 ## - PUBLICATION, DISTRIBUTION, ETC. (IMPRINT) | |
| Place of publication, distribution, etc | New York : |
| -- | Racine, Wis. : |
| Name of publisher, distributor, etc | Golden Press ; |
| -- | Western Pub. Co., |
| Date of publication, distribution, etc | c1983. |
| 300 ## - PHYSICAL DESCRIPTION | |
| Extent | [24] p. : |
| Other physical details | chiefly col. ill. ; |
| Dimensions | 21 cm. |
| 942 ## - ADDED ENTRY ELEMENTS (KOHA) | |
| Source of classification or shelving scheme | Library of Congress Classification |
| Koha item type | Long Loan Books |
| Withdrawn status | Lost status | Source of classification or shelving scheme | Damaged status | Not for loan | Collection code | Home library | Current library | Shelving location | Date acquired | Total Checkouts | Full call number | Barcode | Date last seen | Price effective from | Koha item type |
|---|---|---|---|---|---|---|---|---|---|---|---|---|---|---|---|
| Library of Congress Classification | Fiction | Rongo University Library | Rongo University Library | Children's Area | 25/07/2024 | SF426.5 .L48 1983 | CL20243527 | 25/07/2024 | 25/07/2024 | Long Loan Books | |||||
| Library of Congress Classification | Non-fiction | Rongo University Library | Rongo University Library | Children's Area | 08/08/2024 | SF426.5 .L48 1983 | CL20243575 | 08/08/2024 | 08/08/2024 | Long Loan Books |
